200 mots aléatoire Harry Potter 3 #1 - Statistiques

Statistiques générales
  • Ce quiz a été pris 46 fois
  • Le résultat moyen est 97 sur 200
Statistiques - réponses
Réponse % Correct
à
95%
a
95%
L'
92%
l'
92%
s'
89%
Il
86%
il
86%
d'
84%
et
81%
le
81%
Le
81%
de
78%
la
78%
c'
76%
—C'
76%
est
76%
se
76%
les
73%
si
73%
qu'
70%
du
68%
on
68%
un
68%
en
65%
au
62%
dit
62%
dit-
62%
Mais
62%
qui
62%
Qui.
62%
une
62%
Vous
62%
vous
62%
Vous-
62%
ça
59%
que
57%
Potter
54%
était
51%
eux
51%
comme
49%
dans
49%
Dumbledore,
49%
Dumbledore
49%
leur
46%
Savez-
46%
voix
46%
être
43%
agit
41%
grande
41%
James
41%
Lily.
41%
petite
41%
professeur
41%
Alors,
38%
alors
38%
avoir
38%
doutez,
38%
étaient
35%
secret
35%
Secret.
35%
sortilège
35%
sûr
35%
bien
32%
cacher.
32%
cacher
32%
même
32%
moyen,
32%
sans
32%
Flitwick
30%
Gardien
30%
meilleur
30%
personne
30%
cible
27%
conseillé
27%
demanda
27%
noir,
27%
bon
24%
ceux
24%
—Comment
24%
difficile
24%
impossible
24%
Mage
24%
recours
24%
sont
24%
appelle
19%
cœur
19%
décide
19%
devient
19%
éclaircit
19%
gorge.
19%
sauf
19%
aiguë.
16%
choisie,
16%
courant
16%
Fudge
16%
immédiatement
16%
intérieur
16%
Madame
16%
mis
16%
Rosmerta
16%
Ainsi,
14%
averti
14%
complexité,
14%
magique
14%
unique.
14%
baissa
11%
découvrir,
11%
Fidelitas.
11%
fort
11%
marche?
11%
sorte
11%
tant
11%
contre
8%
destiné
8%
dissimulée
8%
information
8%
luttait
8%
nombre
8%
relâche
8%
audible:
5%
conscients
5%
divulguer.
5%
espions
5%
peine
5%
—Rares
5%
savent
5%
semblait
5%
disposait
3%
marmonnement
3%
parfaitement
3%
passionnée.
3%
poursuivit
3%
procédé
3%
utiles.
3%
Aucun quiz correspondant
Distribution des résultats
% des personnes avec chaque résultat
Percentile par nombre de réponses
Votre historique - résultats
Vous n’avez pas pris ce quiz